| 000 | 00607nam a2200217Ii 4500 | ||
|---|---|---|---|
| 003 | JO-AjNU | ||
| 008 | 230605s9999||||xx |||||||||||||| ||und|| | ||
| 017 | _a2011/6/2219 | ||
| 040 |
_aJO-AjNU _bara _erda _cJO-AjNU |
||
| 041 | _aara | ||
| 050 | 1 | 4 | _aPJ 7864 .N3438 2014 |
| 100 | 3 |
_aناجي، حسن , _eauthor _956941 |
|
| 245 | 0 | 0 | _aقبعة عطر |
| 250 | _aط1 | ||
| 264 | 3 | 1 | _aعمان : وزارة الثقافة ، 2014 |
| 300 | _a227ص | ||
| 336 |
_atext _btxt _2rdacontent |
||
| 337 |
_aunmediated _bn _2rdamedia |
||
| 338 |
_avolume _bnc _2rdacarrier |
||
| 650 | 4 |
_aشعر عربي _956942 |
|
| 999 |
_aA25488 _c29056 _d29056 |
||